Theopili Paraphrasis Justiniani Institutionum (Registro nro. 167706)

Detalles MARC
000 -ENCABEZADO
Número de control [NR] 01818nam a22002657a 4500
008 - DE LONGITUD FIJA DE DATOS DE ELEMENTOS - INFORMACIÓN GENERAL
Elementos de longitud fija [NR] 130617s1860 ne ||||fr|||| 00| 0 lat d
040 ## - FUENTE DE CATALOGACION [NR]
Quien Cataloga Sandra Yazo (modificó)
Quien Clasifica Sandra Yazo (modificó)
041 ## - CODIGO DE IDIOMA [R]
Código de idioma para texto/pista de sonido o título separado [R] Latín
082 04 - NUMERO DE CLASIFICACION DECIMAL DEWEY [R]
Número de la edición [NR] 20
Número de clasificación [R] 340.54
092 ## - SIGNATURA TOPOGRAFICA LOCAL
Número de clasificación local E27N029
100 1# - ASIENTO PRINCIPAL--NOMBRE PERSONAL [NR]
Nombre personal [NR] Reitz, Willem Otto,
Fechas asociadas con el nombre [NR] 1702-1768
ID Autoridad 39265
242 00 - TRADUCCION DEL TITULO POR LA AGENCIA CATALOGADORA [R]
Título [NR] Paráfrasis de Teófilo sobre las Instituciones de Justiniano
Mención de responsabilidad, etc. [NR] según el texto latino de Guillermo Otto Reitz ; Se anexan las Instituciones de Justiniano, con sus variantes, según la crítica de Enrique Schrader.
Código de idioma del título traducido [NR] spa
245 10 - MENCION DE TITULO [NR]
Título [NR] Theopili Paraphrasis Justiniani Institutionum
Mención de responsabilidad, etc. [NR] secundum versionem latinam G. O. Reitzii ; Accedunt Justiniani Institutiones cum variarum lectionum delectu ex recensione E. Schrader.
250 ## - MENCION DE EDICION [NR]
Mención de edición [NR] Editio nova [2a ed.]
260 ## - PUBLICACION, DISTRIBUCION, ETC. (PIE DE IMPRENTA) [R]
Lugar de publicación, distribución, etc. [R] Amsterlodami [Amsterdam]
Nombre del editor, distribuidor, etc. [R] apud Predericum Muller [Federico Muller]
Fecha de publicación, distribución, etc. [R] 1860
300 ## - DESCRIPCION FISICA [R]
Extensión [R] vii, 455 p.
Dimensiones [R] 21 x 14 cm.
500 ## - NOTA GENERAL [R]
Nota general [NR] Detalles físicos: Encuadernación rígida en cartón forrado en cuero. Lomo con tejuelo, líneas repujadas y letras en dorado. Guardas papel de agua fino. Portada impresa en negro, con diferentes tipos de letras. Texto impreso en una sola columna, sobre papel de buena calidad con notas de pie de página. Márgenes amplios. En pág. 252 una hoja plegable. En portada varios sellos de tinta: “Doctor Alejandro Motta. ABOGADO. Calle 19 n° 68”.
505 ## - NOTA DE CONTENIDO CON FORMATO PREESTABLECIDO [R]
Nota de contenido con formato preestablecido [NR] Instituciones de Justiniano libros I – IV en texto latino parafraseado y comentado por Teófilo.
506 ## - NOTA DE RESTRICCIONES DE ACCESO [R]
Condiciones de acceso [NR] Consulta en sala
546 ## - NOTA DE IDIOMA [R]
Nota de idioma [NR] Texto en latín y expresiones en griego.
600 ## - ASIENTO SECUNDARIO DE MATERIA - NOMBRE PERSONAL [R]
9 (RLIN) 29958
Nombre personal [NR] Justiniano
Títulos y otras palabras asociadas con el nombre [R] Emperador de Oriente
Fechas asociadas con el nombre [NR] 482-565
Título de la obra [NR] Instituciones
Subdivisión general [R] Crítica e interpretación
650 ## - ASIENTO SECUNDARIO DE MATERIA - TERMINO TEMATICO [R]
Término temático o nombre geográfico como elemento de entrada [NR] Derecho romano
9 (RLIN) 39266
700 1# - ASIENTO SECUNDARIO - NOMBRE PERSONAL [R]
Nombre personal [NR] Schrader, Enrique
9 (RLIN) 39267
942 ## - ELEMENTOS DE ENTRADA AGREGADOS (KOHA)
Tipo de ítem principal el descrito en 300a Libro
Edición 1
Sistema de clasificación DEWEY
Clasificación 340.54
Existencias
Suprimido Perdido Sistema de clasificación Dañado No prestable Tipo de ítem específico Ubicación habitual Ubicación actual Localización Fecha de creación Forma de adquisición Costo Total préstamos Signatura topográfica Código de barras Última vez visto Ejemplar Price effective from Tipo de ítem
    LOCAL     Libro Archivo Histórico Archivo Histórico Archivo histórico 17/06/2013 Donación 0.00   E27N029 L003898 17/06/2013 Ej.1 17/06/2013 Libro